| 000 | 00770nas a2200229 4500 | ||
|---|---|---|---|
| 001 | BR7305201 | ||
| 003 | BR-BrBNA | ||
| 005 | 20231205082513.0 | ||
| 007 | ta | ||
| 008 | 230509b bl.|||p| |||| 00| 00por d | ||
| 040 |
_aBR-BrBNA _bpor _cBiblioteca Nacional de Agricultura |
||
| 041 | _a(Pt) | ||
| 072 | _aE10; U10 | ||
| 100 | 1 | _aLanzer, E.A. | |
| 111 | 1 |
_a12. Reuniao Anual da Sociedade Brasileira de Economia Rural _cPorto Alegre, RS (Brazil) _d22 Jul 1974 |
|
| 245 | 1 | _aMulticolinearidade em funcao de producao [analise economica] | |
| 650 | _aANALISE ECONOMICA | ||
| 650 | _aMATEMATICA | ||
| 773 | 0 |
_tRevista de Economia Rural (Brazil) _xISSN 0100-4905 _g(1976), v. 14(1) p. 431-435 _wBR7305201 |
|
| 909 |
_a202311 _bLúcia _c55 _dLúcia Elande |
||
| 942 |
_2AGRIS _n0 _cANA |
||
| 999 |
_c92361 _d92361 |
||